000 00997nam a2200313 a 4500
001 67189
003 BD-RjUL
005 20211209081626.0
008 170322s1984 enka b 000 0 eng
020 _a0080313299 :
_c$22.00
035 _a(BD-RjUL)67320
040 _aDLC
_cDLC
_dDLC
_dBD-RjUL
_beng
041 _aeng
082 0 0 _a362.7042
_223
_bIMP 1984
245 0 4 _aThe impact of world recession on children /
_cedited by Richard Jolly and Giovanni Andrea Cornia.
260 _aNew York :
_bPergamon Press,
_cc1984.
300 _axiv, 221 p. :
_bill. ;
_c25 cm.
500 _a"A study prepared for UNICEF."
504 _aIncludes bibliographies.
650 0 _aChild welfare.
_9199034
650 0 _aChildren
_xEconomic conditions.
_9199035
650 0 _aEconomic policy.
_9199036
650 0 _aDepressions.
_9199037
650 0 _aRecessions.
_942197
700 1 _aJolly, Richard.
_9174401
700 1 _aCornia, Giovanni Andrea.
_9199038
710 2 _aUNICEF.
_9199039
942 _2ddc
_cBK
999 _c67189
_d67189